000
00337nam a2200133Ia 4500
008
240624s9999 xx 000 0 und d
041
_a
eng
082
_a
658.4038 LUC
100
_a
LUCAS HENRY C
245
_a
INFORMATION TECHNOLOGY STRATEGIC DECISIO
260
_c
2009
_a
New Delhi
_b
Wiley India
300
_a
461 : p.
365
_c
RS
_b
27
999
_c
15368
_d
15368